| 000 | 00729nam a22002177a 4500 | ||
|---|---|---|---|
| 003 | OSt | ||
| 005 | 20251215065711.0 | ||
| 008 | 251215b |||||||| |||| 00| 0 eng d | ||
| 020 | _a978-1905-211203 | ||
| 040 |
_aDWC-Main lib _cOC |
||
| 082 | _aCirc. 658.4 S474f 2006 | ||
| 100 | _aSenge, Peter M. | ||
| 245 |
_aThe fifth discipline : _bthe art and practice of the learning organization/ _cPeter M. Senge |
||
| 260 |
_aUK : _bRandom House, _c c2006. |
||
| 300 |
_a ix, 445 pages : _b illustrations ; _c 23cm. |
||
| 504 | _aIncludes index. | ||
| 650 | _a1. Organizational effectiveness. | ||
| 650 | _a2. Organizational learning. | ||
| 650 | _a3. Teams in the workplace. | ||
| 942 |
_2ddc _cBK-CIRC _kCirc. 658.4 S474f 2006 _n0 |
||
| 999 |
_c7081 _d7081 |
||